MARC

LEADER 00000nam0a2200000 4500
001 55212
005 20231031051023.0
010 |a 5922104217 
035 |a (RuTPU)RU\TPU\book\57937 
090 |a 55212 
100 |a 20030909d2003 k y0rusy50 ca 
101 0 |a rus 
102 |a RU 
105 |a a z 001zy 
200 1 |a Нелинейная теория управления и ее приложения: динамика, управление, оптимизация  |f Под ред. В. М. Матросова и др. 
210 |a Москва  |c Физматлит  |d 2003 
215 |a 350 с.  |c ил. 
320 |a Библиография в конце глав. 
610 1 |a автоматика 
610 1 |a управление 
610 1 |a нелинейная теория 
610 1 |a интеллектное управление 
610 1 |a логико-динамические системы 
610 1 |a нелинейные управляемые системы 
610 1 |a динамика 
610 1 |a оптимизация 
675 |a 681.511.4  |v 3 
702 1 |a Матросов  |b В. М.  |4 340 
702 1 |a Васильева  |b С. Н.  |4 340 
702 1 |a Москаленко  |b А. И.  |4 340 
801 1 |a RU  |b 63413507  |c 20030909  |g PSBO 
801 2 |a RU  |b 63413507  |c 20060413  |g PSBO 
942 |c BK 
959 |a 102/20051202  |d 1  |e 126  |f НФ:1